Lei nº 14.133/2021 : (Record no. 565)

MARC details
000 -LÍDER
Campo Fixo de Controle 01296nam a2200289 a 4500
001 - NÚMERO DE CONTROLE
Campo de Controle 565
003 - IDENTIFICAÇÃO DO NÚMERO DE CONTROLE
Campo de Controle BR-CuiBMT
005 - DATA E HORA DA ÚLTIMA ATUALIZAÇÃO
Campo de Controle 20231129061759.0
008 - DADOS FIXOS
Dados Fixos 231109s2021 mgb 001 0 por d
020 ## - INTERNATIONAL STANDARD BOOK NUMBER
Nº do ISBN 9786555182125
040 ## - AGÊNCIA CATALOGADORA
Código da Agência Catalogadora BR-CuiBMT
Agência que transcreveu o registro BR-CuiBMT
080 ## - Nº DA CLASSIFICAÇÃO DECIMAL UNIVERSAL
Nº edição CDU 2007
Nº Class. CDU 351.712
Subd. Auxiliar Comum (094.5)
090 ## - NÚMERO DE CHAMADA
Nº classificação 351.712(094.5)
Cutter L525
245 00 - TÍTULO PRINCIPAL
Título principal Lei nº 14.133/2021 :
Subtítulo lei de licitações e contratos administrativos /
Indicação de responsabilidade organização de textos e índice Ana Luiza Jacoby Fernandes e J. U. Jacoby Fernandes.
250 ## - EDIÇÃO
Edição [1. ed.]
260 ## - PUBLICAÇÃO, DISTRIBUIÇÃO, ETC.
Local de publicação Belo Horizonte :
Editora Fórum,
Data 2021.
300 ## - DESCRIÇÃO FÍSICA
N. páginas ou volumes 576 p. ;
Dimensões 18 cm
490 1# - INDICAÇÃO DE SÉRIE
Título da série Coleção Jacoby Fernandes de direito administrativo ;
Volume/designação sequencial da série v. 1
500 ## - NOTAS GERAIS
Notas gerais Melhor índice remissivo alfabético, LC nº 182/2021 e indicação dos artigos correspondentes nas leis que serão revogadas (Lei nº 8.666/1993, Lei nº 10.520/2002 e Lei nº 12.462/2011)
504 ## - NOTA DE BIBLIOGRAFIA, ETC.
Nota de bibliografia inclui bibliografia e índice.
650 ## - ASSUNTO TÓPICO
Cabeçalho tópico ou nome geográfico Administração pública
Subdivisão geral Licitações
Subdivisão de forma Legislação
Subdivisão geográfica Brasil
650 ## - ASSUNTO TÓPICO
Cabeçalho tópico ou nome geográfico Administração pública
Subdivisão geral Contratos administrativos
Subdivisão de forma Legislação
Subdivisão geográfica Brasil
700 1# - ENTRADA SECUNDÁRIA -- NOME PESSOAL
Nome pessoal Fernandes, Ana Luiza Jacoby
Cód. do termo explicativo org.
700 1# - ENTRADA SECUNDÁRIA -- NOME PESSOAL
Nome pessoal Fernandes, Jorge Ulisses Jacoby
Cód. do termo explicativo org.
830 #0 - ENTRADA SECUNDÁRIA DE SÉRIE -- TÍTULO UNIFORME
Título uniforme Coleção Jacoby Fernandes de direito administrativo ;
Nº do volume/designação sequencial da série 1
942 ## - ELEMENTOS DE ENTRADA ADICIONAIS (KOHA)
Fonte de classificação ou esquema de arquivamento Classificação Decimal Universal
Tipo de item do Koha Livros
Holdings
Estado: removido Estado: perdido Fonte de classificação ou esquema de arquivamento Estado: danificado Indisponível para empréstimo Localização permanente Localização atual Data de aquisição Total Checkouts Número de Chamada completo Código de barras Date last seen Número do exemplar Preço efetivo a partir de Tipo de item (Koha)
    Classificação Decimal Universal     Biblioteca da Escola Superior de Contas do TCE/MT Biblioteca da Escola Superior de Contas do TCE/MT 09/11/2023   351.712(094.5) L525 BIBTCEMT23110365 09/11/2023 Ex. 1 09/11/2023 Livros
    Classificação Decimal Universal     Biblioteca da Escola Superior de Contas do TCE/MT Biblioteca da Escola Superior de Contas do TCE/MT 09/11/2023   351.712(094.5) L525 BIBTCEMT23110366 09/11/2023 Ex. 2 09/11/2023 Livros
    Classificação Decimal Universal     Biblioteca da Escola Superior de Contas do TCE/MT Biblioteca da Escola Superior de Contas do TCE/MT 22/11/2023   351.712(094.5) L525 BIBTCEMT23110843 22/11/2023 Ex. 3 22/11/2023 Livros
    Classificação Decimal Universal     Biblioteca da Escola Superior de Contas do TCE/MT Biblioteca da Escola Superior de Contas do TCE/MT 22/11/2023   351.712(094.5) L525 BIBTCEMT23110844 22/11/2023 Ex. 4 22/11/2023 Livros

Powered by Koha